On Screen B1+ (Registro nro. 2068)
[ vista simple ]
| 000 -LEADER | |
|---|---|
| fixed length control field | 00675nam a22002057a 4500 |
| 003 - CONTROL NUMBER IDENTIFIER | |
| control field | OSt |
| 005 - DATE AND TIME OF LATEST TRANSACTION | |
| control field | 20260413092614.0 |
| 008 - FIXED-LENGTH DATA ELEMENTS--GENERAL INFORMATION | |
| fixed length control field | 260413b |||||||| |||| 00| 0 eng d |
| 020 ## - INTERNATIONAL STANDARD BOOK NUMBER | |
| International Standard Book Number | 9781471521409 |
| 082 ## - DEWEY DECIMAL CLASSIFICATION NUMBER | |
| Edition number | 9781471521409 |
| Item number | 9781471521409 |
| 100 ## - MAIN ENTRY--PERSONAL NAME | |
| Personal name | Virginia Evans y Jenny Dooley. |
| 245 ## - TITLE STATEMENT | |
| Title | On Screen B1+ |
| Remainder of title | Workbook + Grammar Book |
| 250 ## - EDITION STATEMENT | |
| Edition statement | 1ª Edic |
| 260 ## - PUBLICATION, DISTRIBUTION, ETC. | |
| Place of publication, distribution, etc. | Newbury, Reino Unido. |
| Name of publisher, distributor, etc. | Express Publishing |
| Date of publication, distribution, etc. | 2014 y 2015 |
| 300 ## - PHYSICAL DESCRIPTION | |
| Extent | 192 pág |
| Other physical details | A4 |
| Dimensions | 29,7 cm. x 21 cm. |
| 490 ## - SERIES STATEMENT | |
| Materials specified | papel offset blanco de alta calidad |
| 650 ## - SUBJECT ADDED ENTRY--TOPICAL TERM | |
| Topical term or geographic name entry element | People & Relationships. |
| Form subdivision | Survival & Disasters |
| General subdivision | Work |
| 700 ## - ADDED ENTRY--PERSONAL NAME | |
| Personal name | Virginia Evans y Jenny Dooley. |
| 942 ## - ADDED ENTRY ELEMENTS (KOHA) | |
| Source of classification or shelving scheme | Dewey Decimal Classification |
| Koha item type | Acceso Libre |
| Suppress in OPAC | No |
| Withdrawn status | Lost status | Source of classification or shelving scheme | Damaged status | Not for loan | Collection | Home library | Current library | Shelving location | Date acquired | Source of acquisition | Coded location qualifier | Inventory number | Total checkouts | Full call number | Barcode | Date last seen | Copy number | Price effective from | Koha item type |
|---|---|---|---|---|---|---|---|---|---|---|---|---|---|---|---|---|---|---|---|
| Dewey Decimal Classification | Estantería F Fila 2 | Biblioteca Stanford | Biblioteca Stanford | Biblioteca Abierta | 13.04.2026 | IDIOMAS | 0492 | 0492 | INGLES | IDIOMA0492 | 13.04.2026 | 1 | 13.04.2026 | Acceso Libre |